Guess the SCP Pt. 2 - Statistics

General Stats
  • This quiz has been taken 13 times
  • The average score is 12 of 25
Answer Stats
Codename Number % Correct
A Bad Composition 012
80%
Cain 073
80%
Able 076
80%
The Cursed SCP Number 048
70%
The Stairwell 087
70%
[Unknown] 055
60%
Burning Man 457
60%
Why? 5000
60%
The Clockworks 914
60%
Sleep Killers 966
60%
Cup of Joe 198
50%
The Dream Man 990
50%
The Missing Number 033
40%
No More Monsters 122
40%
The Telekill Alloy 148
40%
Blood Flies 149
40%
Wendigo Skull 323
40%
Mr. Fish 527
40%
The Birthday Monkey 983
40%
Shadow Spiders 538
30%
Cow Seeds 843
30%
He Feels Your Pain 590
20%
Snake Tongue 1132
10%
Water Orb 791
10%
Immunity 972
10%
No matching quizzes found
Score Distribution
Percent of People with Each Score
Percentile by Number Answered
Your Score History
You have not taken this quiz